| 000 | 00428nam a22001697a 4500 | ||
|---|---|---|---|
| 999 |
_c526611 _d526611 |
||
| 003 | NUST | ||
| 020 | _q(Hbk) | ||
| 038 | _aM. Shaban | ||
| 082 |
_a891.421 _bMUN |
||
| 100 |
_aMunzar, Bashir _917613 |
||
| 245 |
_aKul pounji / _c Bashir Munzar |
||
| 260 |
_aLahore : _bBazam e Faqeer, _c2002. |
||
| 300 | _a255 p. ; | ||
| 880 |
_6100-01\r _aبشیر مُنذِر |
||
| 880 |
_6245-02\r _aکُل پُونجی / |
||
| 942 |
_2ddc _cBK |
||